[Event "escc2023_65"]
[Site "?"]
[Date "2023.05.29"]
[Round "4.10"]
[White "Luciani, Carlo"]
[Black "Hinteregger, Arthur"]
[Result "1-0"]
[BlackElo "2000"]
[WhiteElo "2197"]
[LiveChessVersion "1.4.8"]

1. e4 {[%clk 1:30:57]} e6 {[%clk 1:30:51]} 2. d4 {[%clk 1:31:19]} d5
{[%clk 1:31:14]} 3. Nd2 {[%clk 1:31:40]} Nf6 {[%clk 1:31:35]} 4. e5
{[%clk 1:31:42]} Nfd7 {[%clk 1:31:56]} 5. Bd3 {[%clk 1:31:49]} c5
{[%clk 1:32:16]} 6. c3 {[%clk 1:32:01]} Nc6 {[%clk 1:32:38]} 7. Ne2
{[%clk 1:32:25]} cxd4 {[%clk 1:32:58]} 8. cxd4 {[%clk 1:32:48]} f6
{[%clk 1:33:16]} 9. exf6 {[%clk 1:33:07]} Nxf6 {[%clk 1:33:37]} 10. Nf3
{[%clk 1:33:15]} Bd6 {[%clk 1:33:58]} 11. O-O {[%clk 1:33:20]} O-O
{[%clk 1:34:10]} 12. Bg5 {[%clk 1:33:31]} Bd7 {[%clk 1:34:23]} 13. Nc3
{[%clk 1:26:44]} a6 {[%clk 1:33:51]} 14. Re1 {[%clk 1:23:48]} Qc7
{[%clk 1:33:26]} 15. Bh4 {[%clk 1:22:33]} Rae8 {[%clk 1:31:19]} 16. Rc1
{[%clk 1:18:25]} Qb6 {[%clk 1:19:18]} 17. Na4 {[%clk 1:06:26]} Qa5
{[%clk 1:18:43]} 18. b3 {[%clk 1:04:33]} Ba3 {[%clk 1:11:55]} 19. Rc2
{[%clk 0:51:38]} Nb4 {[%clk 0:56:07]} 20. Rc5 {[%clk 0:49:44]} b5
{[%clk 0:55:02]} 21. Bb1 {[%clk 0:43:50]} Qd8 {[%clk 0:43:31]} 22. Ne5
{[%clk 0:35:41]} bxa4 {[%clk 0:42:18]} 23. bxa4 {[%clk 0:35:48]} Nxa2
{[%clk 0:38:02]} 24. Qd3 {[%clk 0:32:41]} Nb4 {[%clk 0:34:28]} 25. Qxa3
{[%clk 0:32:38]} a5 {[%clk 0:34:14]} 26. Qh3 {[%clk 0:26:47]} Re7
{[%clk 0:32:46]} 27. Re3 {[%clk 0:18:39]} Na6 {[%clk 0:31:45]} 28. Bxf6
{[%clk 0:18:08]} gxf6 {[%clk 0:31:55]} 29. Rg3+ {[%clk 0:18:25]} 1-0

[Event "escc2023_65"]
[Site "?"]
[Date "2023.05.29"]
[Round "4.11"]
[White "Stokes, Michael"]
[Black "Polster, Wolfgang"]
[Result "0-1"]
[BlackElo "2189"]
[WhiteElo "1973"]
[LiveChessVersion "1.4.8"]

1. e4 {[%clk 1:30:57]} c6 {[%clk 1:30:38]} 2. Nc3 {[%clk 1:31:22]} d5
{[%clk 1:30:36]} 3. Nf3 {[%clk 1:31:47]} Bg4 {[%clk 1:29:49]} 4. h3
{[%clk 1:32:09]} Bxf3 {[%clk 1:29:16]} 5. Qxf3 {[%clk 1:32:33]} e6
{[%clk 1:28:31]} 6. Be2 {[%clk 1:30:55]} Nf6 {[%clk 1:21:08]} 7. d3
{[%clk 1:30:39]} Bd6 {[%clk 1:19:52]} 8. Bf4 {[%clk 1:29:42]} Bxf4
{[%clk 1:13:17]} 9. Qxf4 {[%clk 1:30:05]} d4 {[%clk 1:13:33]} 10. Nb1
{[%clk 1:25:32]} Nbd7 {[%clk 1:13:02]} 11. O-O {[%clk 1:25:14]} e5
{[%clk 1:11:07]} 12. Qg3 {[%clk 1:18:14]} O-O {[%clk 1:03:04]} 13. Nd2
{[%clk 1:18:11]} Qe7 {[%clk 1:01:33]} 14. c3 {[%clk 1:09:19]} dxc3
{[%clk 0:58:42]} 15. bxc3 {[%clk 1:09:41]} Nc5 {[%clk 0:56:49]} 16. Nc4
{[%clk 1:06:41]} Nfd7 {[%clk 0:53:28]} 17. Ne3 {[%clk 1:00:33]} Ne6
{[%clk 0:51:38]} 18. Bg4 {[%clk 0:55:59]} Nf4 {[%clk 0:50:07]} 19. Kh1
{[%clk 0:52:21]} Nc5 {[%clk 0:48:32]} 20. Nf5 {[%clk 0:45:38]} Qf6
{[%clk 0:46:31]} 21. d4 {[%clk 0:43:39]} Nce6 {[%clk 0:40:57]} 22. dxe5
{[%clk 0:32:23]} Qxe5 {[%clk 0:41:00]} 23. h4 {[%clk 0:31:58]} h5
{[%clk 0:36:50]} 24. Bxh5 {[%clk 0:28:20]} Qxe4 {[%clk 0:36:49]} 25. Nh6+
{[%clk 0:22:57]} Kh7 {[%clk 0:35:56]} 26. Bf3 {[%clk 0:23:13]} Qg6
{[%clk 0:34:35]} 27. Qxg6+ {[%clk 0:21:46]} Nxg6 {[%clk 0:32:32]} 28. Nf5
{[%clk 0:22:08]} Ne5 {[%clk 0:32:44]} 29. Be4 {[%clk 0:21:55]} Nc5
{[%clk 0:32:06]} 30. Bc2 {[%clk 0:21:51]} g6 {[%clk 0:32:12]} 31. Nd6
{[%clk 0:21:08]} Rad8 {[%clk 0:32:15]} 32. Rad1 {[%clk 0:20:59]} Kg7
{[%clk 0:31:11]} 33. g3 {[%clk 0:18:48]} Rd7 {[%clk 0:30:33]} 34. Ne4
{[%clk 0:16:39]} Nxe4 {[%clk 0:30:29]} 35. Bxe4 {[%clk 0:16:49]} Rfd8
{[%clk 0:30:41]} 36. Rxd7 {[%clk 0:15:14]} Rxd7 {[%clk 0:31:04]} 37. Rb1
{[%clk 0:12:49]} f5 {[%clk 0:30:01]} 38. Bg2 {[%clk 0:12:54]} Nd3
{[%clk 0:29:47]} 39. Kg1 {[%clk 0:12:54]} Nc5 {[%clk 0:30:04]} 40. Rb2
{[%clk 0:09:56]} Rd1+ {[%clk 0:29:05]} 41. Bf1 {[%clk 0:09:26]} Kf6
{[%clk 0:28:41]} 42. Kg2 {[%clk 0:09:35]} b6 {[%clk 0:27:10]} 43. Rc2
{[%clk 0:09:30]} Na4 {[%clk 0:22:18]} 44. Be2 {[%clk 0:08:27]} Rd5
{[%clk 0:22:20]} 45. c4 {[%clk 0:07:34]} Rd6 {[%clk 0:21:35]} 46. Bf3
{[%clk 0:07:19]} Nc5 {[%clk 0:21:20]} 47. Re2 {[%clk 0:06:51]} Ne6
{[%clk 0:21:03]} 48. Re3 {[%clk 0:06:12]} Nd4 {[%clk 0:20:50]} 49. Ra3
{[%clk 0:05:54]} a5 {[%clk 0:20:58]} 50. c5 {[%clk 0:05:27]} bxc5
{[%clk 0:18:07]} 51. Rxa5 {[%clk 0:05:47]} Ne6 {[%clk 0:18:17]} 52. Ra6
{[%clk 0:05:13]} c4 {[%clk 0:16:25]} 53. Ra4 {[%clk 0:02:26]} Rd4
{[%clk 0:13:03]} 54. Ra6 {[%clk 0:01:46]} c5 {[%clk 0:13:17]} 55. Bc6
{[%clk 0:29:14]} Rd6 {[%clk 0:37:27]} 56. Ra4 {[%clk 0:29:16]} Rxc6
{[%clk 0:37:41]} 57. Rxc4 {[%clk 0:29:39]} Ke5 {[%clk 0:37:35]} 58. f3
{[%clk 0:29:05]} Kd5 {[%clk 0:37:41]} 59. Rc2 {[%clk 0:29:01]} Nd4
{[%clk 0:37:46]} 60. Rc1 {[%clk 0:28:36]} Ra6 {[%clk 0:37:49]} 61. g4
{[%clk 0:28:38]} Rxa2+ {[%clk 0:37:59]} 62. Kg3 {[%clk 0:29:02]} Ne2+
{[%clk 0:38:24]} 0-1

[Event "escc2023_65"]
[Site "?"]
[Date "2023.05.29"]
[Round "4.12"]
[White "Wengholm, Anders"]
[Black "Goli, Daniele"]
[Result "1-0"]
[BlackElo "1971"]
[WhiteElo "2167"]
[LiveChessVersion "1.4.8"]

1. Nf3 {[%clk 1:30:50]} g6 {[%clk 1:30:40]} 2. c4 {[%clk 1:29:17]} Bg7
{[%clk 1:29:40]} 3. d4 {[%clk 1:29:31]} d6 {[%clk 1:29:58]} 4. Nc3
{[%clk 1:29:46]} Nf6 {[%clk 1:29:42]} 5. e4 {[%clk 1:29:26]} c5 {[%clk 1:26:51]}
6. Be2 {[%clk 1:29:32]} cxd4 {[%clk 1:26:53]} 7. Nxd4 {[%clk 1:29:59]} O-O
{[%clk 1:26:34]} 8. O-O {[%clk 1:30:14]} Nc6 {[%clk 1:23:32]} 9. Be3
{[%clk 1:29:41]} Nxd4 {[%clk 1:17:40]} 10. Bxd4 {[%clk 1:29:56]} Be6
{[%clk 1:17:59]} 11. Qd2 {[%clk 1:27:51]} Rc8 {[%clk 1:12:01]} 12. b3
{[%clk 1:27:33]} b6 {[%clk 1:12:23]} 13. f4 {[%clk 1:16:04]} Bd7 {[%clk 1:03:29]}
14. Bf3 {[%clk 1:10:10]} e5 {[%clk 0:55:04]} 15. fxe5 {[%clk 0:55:48]} dxe5
{[%clk 0:55:17]} 16. Be3 {[%clk 0:56:11]} Be6 {[%clk 0:46:59]} 17. Nd5
{[%clk 0:54:40]} Nd7 {[%clk 0:46:20]} 18. Rad1 {[%clk 0:43:04]} f6
{[%clk 0:40:27]} 19. Qe2 {[%clk 0:29:46]} Rf7 {[%clk 0:31:50]} 20. Bg4
{[%clk 0:27:35]} Qe8 {[%clk 0:30:26]} 21. Nc3 {[%clk 0:25:29]} Rc6
{[%clk 0:13:15]} 22. Nb5 {[%clk 0:21:27]} Qb8 {[%clk 0:04:58]} 23. Bxe6
{[%clk 0:16:34]} Rxe6 {[%clk 0:05:23]} 24. Qg4 {[%clk 0:16:06]} Nf8
{[%clk 0:05:48]} 25. Rd2 {[%clk 0:13:52]} Rc6 {[%clk 0:03:05]} 26. h4
{[%clk 0:09:18]} a6 {[%clk 0:03:08]} 27. Nc3 {[%clk 0:09:38]} b5 {[%clk 0:03:23]}
28. c5 {[%clk 0:09:51]} Ne6 {[%clk 0:03:26]} 29. b4 {[%clk 0:09:49]} Nd4
{[%clk 0:03:22]} 30. Qd1 {[%clk 0:03:58]} f5 {[%clk 0:03:09]} 31. Ne2
{[%clk 0:04:16]} Nxe2+ {[%clk 0:02:24]} 32. Qxe2 {[%clk 0:04:44]} f4
{[%clk 0:02:29]} 33. Bf2 {[%clk 0:05:08]} Qf8 {[%clk 0:02:36]} 34. Rfd1
{[%clk 0:05:12]} Bf6 {[%clk 0:02:36]} 35. Rd6 {[%clk 0:05:12]} Rfc7
{[%clk 0:02:11]} 36. Qg4 {[%clk 0:04:51]} Qc8 {[%clk 0:01:26]} 37. Qf3
{[%clk 0:03:02]} Be7 {[%clk 0:01:34]} 38. Qb3+ {[%clk 0:03:09]} Kg7
{[%clk 0:01:42]} 39. R6d5 {[%clk 0:03:24]} Qe6 {[%clk 0:01:49]} 40. Be1
{[%clk 0:03:33]} Qg4 {[%clk 0:02:00]} 41. Qf3 {[%clk 0:03:27]} Qxf3
{[%clk 0:00:51]} 42. gxf3 {[%clk 0:03:55]} Re6 {[%clk 0:25:05]} 43. Bc3
{[%clk 0:33:33]} Bf6 {[%clk 0:25:11]} 44. Kg2 {[%clk 0:26:14]} Kf7
{[%clk 0:24:38]} 45. a4 {[%clk 0:21:58]} bxa4 {[%clk 0:22:11]} 46. Ra1
{[%clk 0:22:16]} Rcc6 {[%clk 0:22:30]} 47. Rxa4 {[%clk 0:22:27]} h6
{[%clk 0:22:02]} 48. Kh3 {[%clk 0:21:39]} h5 {[%clk 0:21:56]} 49. Ra1
{[%clk 0:21:50]} Bg7 {[%clk 0:19:26]} 50. Kg2 {[%clk 0:19:10]} Bf6
{[%clk 0:19:37]} 51. Be1 {[%clk 0:19:22]} Be7 {[%clk 0:15:32]} 52. Kf1
{[%clk 0:18:34]} Rc8 {[%clk 0:13:06]} 53. Bc3 {[%clk 0:15:12]} Bf6
{[%clk 0:09:52]} 54. Rad1 {[%clk 0:14:57]} Rcc6 {[%clk 0:09:50]} 55. Ke2
{[%clk 0:15:10]} Bg7 {[%clk 0:05:15]} 56. Kd3 {[%clk 0:15:28]} Re7
{[%clk 0:04:55]} 57. Kc4 {[%clk 0:15:50]} Rce6 {[%clk 0:05:12]} 58. Rd6
{[%clk 0:15:15]} Bf6 {[%clk 0:05:11]} 59. Be1 {[%clk 0:09:42]} Re8
{[%clk 0:04:20]} 60. Rxe6 {[%clk 0:08:22]} Rxe6 {[%clk 0:04:27]} 61. Rd7+
{[%clk 0:08:43]} Re7 {[%clk 0:01:01]} 62. Rd6 {[%clk 0:08:28]} Re6
{[%clk 0:00:48]} 63. Kd5 {[%clk 0:07:48]} Rxd6+ {[%clk 0:01:14]} 64. Kxd6
{[%clk 0:06:25]} g5 {[%clk 0:01:32]} 65. hxg5 {[%clk 0:05:58]} Bxg5
{[%clk 0:01:57]} 66. Kd7 {[%clk 0:05:32]} 1-0

[Event "escc2023_65"]
[Site "?"]
[Date "2023.05.29"]
[Round "4.13"]
[White "Strand, Kjetil"]
[Black "Furman, Boris"]
[Result "1-0"]
[BlackElo "2142"]
[WhiteElo "1942"]
[LiveChessVersion "1.4.8"]

1. e4 {[%clk 1:30:56]} c5 {[%clk 1:30:54]} 2. Nf3 {[%clk 1:31:13]} Nc6
{[%clk 1:31:16]} 3. d4 {[%clk 1:31:22]} cxd4 {[%clk 1:31:39]} 4. Nxd4
{[%clk 1:31:42]} Nf6 {[%clk 1:32:00]} 5. Nc3 {[%clk 1:31:56]} d6 {[%clk 1:32:23]}
6. Bc4 {[%clk 1:32:02]} e5 {[%clk 1:32:29]} 7. Nde2 {[%clk 1:32:06]} Be7
{[%clk 1:31:45]} 8. O-O {[%clk 1:28:22]} O-O {[%clk 1:31:12]} 9. Bg5
{[%clk 1:26:36]} Ne8 {[%clk 1:24:59]} 10. Bxe7 {[%clk 1:24:28]} Nxe7
{[%clk 1:23:57]} 11. Nd5 {[%clk 1:23:39]} Nc7 {[%clk 1:21:37]} 12. Nec3
{[%clk 1:22:01]} Ncxd5 {[%clk 1:17:47]} 13. Nxd5 {[%clk 1:21:46]} Be6
{[%clk 1:16:06]} 14. Qd3 {[%clk 1:09:03]} Ng6 {[%clk 1:14:00]} 15. Rfd1
{[%clk 1:06:00]} Rc8 {[%clk 1:13:08]} 16. Bb3 Qd7 {[%clk 0:55:31]} 17. Qg3
{[%clk 0:57:29]} Rc5 {[%clk 0:45:03]} 18. h4 {[%clk 0:52:00]} Bxd5
{[%clk 0:44:02]} 19. Rxd5 {[%clk 0:49:19]} Rxd5 {[%clk 0:43:01]} 20. Bxd5
{[%clk 0:47:19]} Rc8 {[%clk 0:39:37]} 21. c4 {[%clk 0:43:38]} Nf4
{[%clk 0:38:27]} 22. Re1 {[%clk 0:39:16]} Nxd5 {[%clk 0:36:56]} 23. cxd5
{[%clk 0:38:26]} Qa4 {[%clk 0:34:01]} 24. Qg4 {[%clk 0:34:30]} Qe8
{[%clk 0:20:10]} 25. h5 {[%clk 0:32:34]} h6 {[%clk 0:20:23]} 26. Re3
{[%clk 0:32:14]} Rc1+ {[%clk 0:20:20]} 27. Kh2 {[%clk 0:31:59]} Qc8
{[%clk 0:20:10]} 28. Qxc8+ {[%clk 0:28:59]} Rxc8 {[%clk 0:20:34]} 29. Kg3
{[%clk 0:27:11]} Kf8 {[%clk 0:17:26]} 30. f4 {[%clk 0:26:02]} f6 {[%clk 0:16:19]}
31. Kg4 {[%clk 0:25:48]} exf4 {[%clk 0:12:31]} 32. Kxf4 {[%clk 0:25:42]} Kf7
{[%clk 0:11:09]} 33. Ra3 {[%clk 0:22:41]} a6 {[%clk 0:10:51]} 34. Rb3
{[%clk 0:22:56]} Rc7 {[%clk 0:10:52]} 35. Kf5 {[%clk 0:22:37]} Ke7
{[%clk 0:10:16]} 36. Rb6 {[%clk 0:22:31]} Rd7 {[%clk 0:10:24]} 37. Kg6
{[%clk 0:20:20]} Kf8 {[%clk 0:09:41]} 38. Kh7 {[%clk 0:14:41]} Kf7
{[%clk 0:09:53]} 39. b4 {[%clk 0:14:04]} Kf8 {[%clk 0:06:49]} 40. Kg6
{[%clk 0:13:18]} Kg8 {[%clk 0:05:45]} 41. a4 {[%clk 0:13:33]} Kf8
{[%clk 0:06:06]} 42. a5 {[%clk 0:13:43]} Kg8 {[%clk 0:03:50]} 43. b5
{[%clk 0:13:48]} f5 {[%clk 0:01:41]} 44. bxa6 {[%clk 0:12:19]} 1-0

[Event "escc2023_65"]
[Site "?"]
[Date "2023.05.29"]
[Round "4.14"]
[White "Ubezio, Marco"]
[Black "Colombo, Alberto"]
[Result "1-0"]
[BlackElo "1968"]
[WhiteElo "2112"]
[LiveChessVersion "1.4.8"]

1. d4 {[%clk 1:30:57]} Nf6 {[%clk 1:30:53]} 2. Nf3 {[%clk 1:31:04]} c5
{[%clk 1:31:02]} 3. d5 {[%clk 1:31:23]} d6 {[%clk 1:31:05]} 4. Nc3
{[%clk 1:31:39]} g6 {[%clk 1:30:59]} 5. e4 {[%clk 1:31:59]} a6 {[%clk 1:31:03]}
6. a4 {[%clk 1:32:09]} Bg7 {[%clk 1:30:23]} 7. h3 {[%clk 1:30:25]} b6
{[%clk 1:30:14]} 8. Bf4 {[%clk 1:28:54]} Nbd7 {[%clk 1:29:45]} 9. Be2
{[%clk 1:27:48]} O-O {[%clk 1:29:26]} 10. O-O {[%clk 1:28:06]} h6
{[%clk 1:26:39]} 11. Bh2 {[%clk 1:22:14]} Ne8 {[%clk 1:25:17]} 12. Nd2
{[%clk 1:17:16]} Rb8 {[%clk 1:20:18]} 13. Nc4 {[%clk 1:13:56]} Qc7
{[%clk 1:09:19]} 14. Ra2 {[%clk 1:08:57]} b5 {[%clk 1:04:58]} 15. axb5
{[%clk 1:09:01]} axb5 {[%clk 1:05:17]} 16. Na5 {[%clk 1:05:38]} c4
{[%clk 0:55:57]} 17. Nc6 {[%clk 1:05:29]} Rb7 {[%clk 0:52:11]} 18. Nxe7+
{[%clk 1:04:42]} Kh7 {[%clk 0:52:31]} 19. Nxc8 {[%clk 0:50:57]} Qxc8
{[%clk 0:51:07]} 20. Qa1 {[%clk 0:42:27]} Nc5 {[%clk 0:46:12]} 21. Ra8
{[%clk 0:37:04]} Qc7 {[%clk 0:38:35]} 22. Bf3 {[%clk 0:32:46]} b4
{[%clk 0:31:35]} 23. Na4 {[%clk 0:28:13]} Ra7 {[%clk 0:27:50]} 24. Rxa7
{[%clk 0:28:20]} Qxa7 {[%clk 0:28:08]} 25. Nxc5 {[%clk 0:28:27]} Qxc5
{[%clk 0:25:21]} 26. Bf4 {[%clk 0:18:51]} Qd4 {[%clk 0:19:22]} 27. Qa2
{[%clk 0:18:55]} c3 {[%clk 0:14:15]} 28. b3 {[%clk 0:18:15]} Qb6 {[%clk 0:12:50]}
29. Qa4 {[%clk 0:16:51]} Bd4 {[%clk 0:07:24]} 30. Qc6 {[%clk 0:16:26]} Qc5
{[%clk 0:06:23]} 31. Qxc5 {[%clk 0:16:17]} Bxc5 {[%clk 0:06:23]} 32. Ra1
{[%clk 0:15:42]} Nc7 {[%clk 0:06:20]} 33. e5 {[%clk 0:15:38]} Nb5
{[%clk 0:05:13]} 34. exd6 {[%clk 0:14:17]} Na3 {[%clk 0:04:59]} 35. Be4
{[%clk 0:10:53]} Rd8 {[%clk 0:05:03]} 36. Rd1 {[%clk 0:05:59]} Bxd6
{[%clk 0:04:14]} 37. Bxd6 {[%clk 0:06:17]} Rxd6 {[%clk 0:04:36]} 38. Rd4
{[%clk 0:06:21]} f5 {[%clk 0:04:45]} 39. Bd3 {[%clk 0:06:42]} Kg7
{[%clk 0:04:17]} 40. Kf1 {[%clk 0:04:34]} Kf6 {[%clk 0:04:35]} 41. f4
{[%clk 0:30:16]} Ke7 {[%clk 0:24:42]} 42. Ke2 {[%clk 0:28:26]} Rb6
{[%clk 0:24:20]} 43. g4 {[%clk 0:28:25]} fxg4 {[%clk 0:20:41]} 44. hxg4
{[%clk 0:28:45]} g5 {[%clk 0:19:41]} 45. f5 {[%clk 0:29:03]} Kd6 {[%clk 0:19:36]}
46. Ke3 {[%clk 0:23:07]} Rb8 {[%clk 0:16:35]} 47. Re4 {[%clk 0:16:06]} Kxd5
{[%clk 0:15:30]} 48. Re6 {[%clk 0:15:57]} Rh8 {[%clk 0:14:26]} 49. Be4+
{[%clk 0:14:58]} Kc5 {[%clk 0:14:36]} 50. f6 {[%clk 0:13:40]} Rf8
{[%clk 0:11:45]} 51. Re5+ {[%clk 0:12:19]} Kd6 {[%clk 0:11:44]} 52. Rf5
{[%clk 0:12:31]} Ke6 {[%clk 0:11:19]} 53. Bd5+ {[%clk 0:11:46]} Kd6
{[%clk 0:11:39]} 54. Kd3 {[%clk 0:11:45]} Kc5 {[%clk 0:10:24]} 55. f7
{[%clk 0:11:47]} Kd6 {[%clk 0:10:26]} 56. Bc4 {[%clk 0:11:33]} Ke7
{[%clk 0:09:20]} 57. Re5+ {[%clk 0:11:03]} Kd7 {[%clk 0:08:36]} 58. Bd5
{[%clk 0:10:09]} Kd8 {[%clk 0:08:44]} 59. Re2 {[%clk 0:09:33]} Kd7
{[%clk 0:08:03]} 60. Re8 {[%clk 0:09:36]} Rxe8 {[%clk 0:07:53]} 61. Bc6+
{[%clk 0:09:56]} Ke7 {[%clk 0:07:47]} 1-0

[Event "escc2023_65"]
[Site "?"]
[Date "2023.05.29"]
[Round "4.15"]
[White "Myall, Ivan J"]
[Black "Raynes, Paul"]
[Result "1/2-1/2"]
[BlackElo "2077"]
[WhiteElo "1924"]
[LiveChessVersion "1.4.8"]

1. e4 {[%clk 1:30:56]} e5 {[%clk 1:30:51]} 2. Nc3 {[%clk 1:31:15]} Nf6
{[%clk 1:31:00]} 3. Bc4 {[%clk 1:31:25]} Bc5 {[%clk 1:30:06]} 4. d3
{[%clk 1:31:37]} d6 {[%clk 1:29:28]} 5. Nf3 {[%clk 1:31:32]} h6 {[%clk 1:22:26]}
6. h3 {[%clk 1:31:37]} Nc6 {[%clk 1:21:38]} 7. Na4 {[%clk 1:31:27]} a6
{[%clk 1:16:27]} 8. Nxc5 {[%clk 1:31:26]} dxc5 {[%clk 1:16:52]} 9. a4
{[%clk 1:30:41]} Qe7 {[%clk 1:14:33]} 10. c3 {[%clk 1:19:15]} O-O
{[%clk 1:12:46]} 11. a5 {[%clk 1:18:22]} b5 {[%clk 1:04:31]} 12. axb6
{[%clk 1:16:51]} cxb6 {[%clk 1:04:53]} 13. O-O {[%clk 1:16:11]} Be6
{[%clk 0:59:04]} 14. Bxe6 {[%clk 1:12:50]} Qxe6 {[%clk 0:59:24]} 15. Qe2
{[%clk 1:11:17]} Rfd8 {[%clk 0:56:47]} 16. Nh4 {[%clk 1:06:57]} a5
{[%clk 0:54:49]} 17. Nf5 {[%clk 1:01:57]} Rd7 {[%clk 0:54:06]} 18. Rd1
{[%clk 0:51:20]} Rad8 {[%clk 0:54:09]} 19. Be3 {[%clk 0:51:26]} Ne7
{[%clk 0:52:20]} 20. Nxe7+ {[%clk 0:48:09]} Rxe7 {[%clk 0:50:50]} 21. c4
{[%clk 0:48:16]} 1/2-1/2

[Event "escc2023_65"]
[Site "?"]
[Date "2023.05.29"]
[Round "4.16"]
[White "Brongers, Henk"]
[Black "Schmuki, Roman"]
[Result "1-0"]
[BlackElo "1932"]
[WhiteElo "2036"]
[LiveChessVersion "1.4.8"]

1. e4 {[%clk 1:30:50]} e6 {[%clk 1:30:55]} 2. d4 {[%clk 1:31:01]} d5
{[%clk 1:31:20]} 3. Nc3 {[%clk 1:31:25]} dxe4 {[%clk 1:31:44]} 4. Nxe4
{[%clk 1:31:22]} Nd7 {[%clk 1:32:09]} 5. Nf3 {[%clk 1:29:58]} Ngf6
{[%clk 1:32:29]} 6. Nxf6+ {[%clk 1:19:26]} Nxf6 {[%clk 1:32:54]} 7. Be3
{[%clk 1:17:49]} Nd5 {[%clk 1:27:33]} 8. Qd3 {[%clk 1:06:36]} c6 {[%clk 1:15:16]}
9. Bg5 {[%clk 0:56:45]} f6 {[%clk 1:14:26]} 10. Bd2 {[%clk 0:56:47]} Qc7
{[%clk 1:12:28]} 11. O-O-O {[%clk 0:45:36]} Bd7 {[%clk 1:12:07]} 12. c4
{[%clk 0:44:44]} Ne7 {[%clk 1:01:04]} 13. Qb3 {[%clk 0:39:29]} O-O-O
{[%clk 0:57:59]} 14. Kb1 {[%clk 0:35:51]} c5 {[%clk 0:52:45]} 15. Qa3
{[%clk 0:34:53]} Nc6 {[%clk 0:47:14]} 16. d5 {[%clk 0:28:51]} exd5
{[%clk 0:45:30]} 17. cxd5 {[%clk 0:29:02]} Bf5+ {[%clk 0:42:10]} 18. Bd3
{[%clk 0:27:07]} Bxd3+ {[%clk 0:36:18]} 19. Qxd3 {[%clk 0:27:13]} Ne7
{[%clk 0:34:26]} 20. Qa3 {[%clk 0:26:39]} Rxd5 {[%clk 0:31:24]} 21. Qxa7
{[%clk 0:25:32]} Nc6 {[%clk 0:31:05]} 22. Qa8+ {[%clk 0:24:26]} Qb8
{[%clk 0:30:34]} 23. Qa4 {[%clk 0:23:14]} g5 {[%clk 0:13:39]} 24. Qg4+
{[%clk 0:22:03]} f5 {[%clk 0:12:16]} 25. Qxg5 {[%clk 0:21:53]} Be7
{[%clk 0:11:00]} 26. Qh6 {[%clk 0:20:36]} Qd6 {[%clk 0:09:06]} 27. Qxd6
{[%clk 0:19:38]} Rxd6 {[%clk 0:09:14]} 28. Bc3 {[%clk 0:16:03]} Rg8
{[%clk 0:08:45]} 29. g3 {[%clk 0:15:53]} Rgd8 {[%clk 0:07:47]} 30. Rxd6
{[%clk 0:14:50]} Rxd6 {[%clk 0:07:59]} 31. Re1 {[%clk 0:14:44]} Rh6
{[%clk 0:03:03]} 32. h4 {[%clk 0:14:22]} Rg6 {[%clk 0:02:45]} 33. Ne5
{[%clk 0:13:22]} Nxe5 {[%clk 0:01:57]} 34. Rxe5 {[%clk 0:13:41]} Kd7
{[%clk 0:01:58]} 35. Rxf5 {[%clk 0:13:56]} Ke6 {[%clk 0:02:10]} 36. Re5+
{[%clk 0:13:23]} Kd6 {[%clk 0:02:35]} 37. h5 {[%clk 0:13:13]} Rg4
{[%clk 0:02:52]} 38. Re3 {[%clk 0:12:56]} Rg5 {[%clk 0:02:32]} 39. h6
{[%clk 0:12:21]} Rh5 {[%clk 0:02:15]} 40. Bg7 {[%clk 0:11:59]} Bg5
{[%clk 0:02:13]} 41. Bf8+ {[%clk 0:11:18]} Kd5 {[%clk 0:02:21]} 42. Rd3+
{[%clk 0:08:58]} Ke4 {[%clk 0:00:52]} 43. Rd7 {[%clk 0:07:51]} c4
{[%clk 0:29:22]} 44. Kc2 {[%clk 0:37:33]} Rh2 {[%clk 0:23:36]} 45. Rf7
{[%clk 0:35:23]} b6 {[%clk 0:18:21]} 46. Kc3 {[%clk 0:34:42]} Bxh6
{[%clk 0:14:48]} 47. Bxh6 {[%clk 0:34:19]} Rxh6 {[%clk 0:15:17]} 48. Rf4+
{[%clk 0:34:01]} Kd5 {[%clk 0:15:15]} 49. Rd4+ {[%clk 0:34:24]} Ke5
{[%clk 0:15:24]} 50. f4+ {[%clk 0:32:33]} Kf5 {[%clk 0:15:39]} 51. Kxc4
{[%clk 0:32:25]} Rc6+ {[%clk 0:15:53]} 52. Kd3 {[%clk 0:32:43]} Kg4
{[%clk 0:16:14]} 53. Rd7 {[%clk 0:24:38]} Kxg3 {[%clk 0:16:36]} 54. Rxh7
{[%clk 0:25:03]} Kxf4 {[%clk 0:17:03]} 55. Rh5 {[%clk 0:24:26]} Rd6+
{[%clk 0:16:04]} 56. Kc4 {[%clk 0:24:10]} Rc6+ {[%clk 0:16:07]} 57. Kb5
{[%clk 0:23:19]} Rd6 {[%clk 0:15:49]} 58. Rh2 {[%clk 0:22:03]} Ke4
{[%clk 0:15:14]} 59. a4 {[%clk 0:21:38]} Kd3 {[%clk 0:15:15]} 60. b4
{[%clk 0:21:28]} Kc3 {[%clk 0:15:17]} 61. Rh3+ {[%clk 0:21:44]} Kd4
{[%clk 0:14:54]} 62. Rh1 {[%clk 0:21:11]} Kc3 {[%clk 0:15:04]} 63. Rh4
{[%clk 0:20:32]} Kd3 {[%clk 0:14:16]} 64. a5 {[%clk 0:19:53]} bxa5
{[%clk 0:14:41]} 65. Kxa5 {[%clk 0:20:16]} Kc3 {[%clk 0:07:53]} 66. b5
{[%clk 0:20:30]} Rd1 {[%clk 0:07:36]} 67. Ka6 {[%clk 0:20:34]} Ra1+
{[%clk 0:08:00]} 68. Kb7 {[%clk 0:20:57]} Rb1 {[%clk 0:06:58]} 69. b6
{[%clk 0:21:20]} Kd3 {[%clk 0:07:23]} 70. Kc7 {[%clk 0:21:35]} Rc1+
{[%clk 0:07:43]} 71. Kb8 {[%clk 0:21:59]} Rb1 {[%clk 0:07:39]} 72. b7
{[%clk 0:22:25]} Rb2 {[%clk 0:07:55]} 73. Ra4 {[%clk 0:22:22]} 1-0